Elektronické informačné zdroje a služby SEK a EU

Prehľad elektronických informačných zdrojov a služieb dostupných v prostredí Slovenskej ekonomickej knižnice a Ekonomickej univerzity v Bratislave. Stručná charakteristika zdrojov, webové adresy a možnosti vyhľadávania. Služby a kontakty.

Na minha lista:
Detalhes bibliográficos
Autor principal: Pleceniková, Iveta
Formato: Capítulo de Livro
Idioma:eslovaco
Assuntos:
Tags: Adicionar Tag
Sem tags, seja o primeiro a adicionar uma tag!

MARC

LEADER 00000naa$a2200000$$$4500
001 0051397
005 20240502071611.9
041 0 |a slo 
044 |a SK 
245 1 0 |a Elektronické informačné zdroje a služby SEK a EU  |c Iveta Pleceniková 
520 |a Prehľad elektronických informačných zdrojov a služieb dostupných v prostredí Slovenskej ekonomickej knižnice a Ekonomickej univerzity v Bratislave. Stručná charakteristika zdrojov, webové adresy a možnosti vyhľadávania. Služby a kontakty. 
610 2 0 |a zdroje informačné elektronické 
610 2 0 |a báza dát 
610 2 0 |a služby informačné 
610 2 0 |a Ekonomická univerzita v Bratislave 
610 2 0 |a Slovenská ekonomická knižnica Ekonomickej univerzity v Bratislave 
100 1 |a Pleceniková, Iveta